<?xml version="1.0" encoding="UTF-8"?><?xml-stylesheet type="text/xsl" href="static/style.xsl"?><OAI-PMH xmlns="http://www.openarchives.org/OAI/2.0/" xmlns:xsi="http://www.w3.org/2001/XMLSchema-instance" xsi:schemaLocation="http://www.openarchives.org/OAI/2.0/ http://www.openarchives.org/OAI/2.0/OAI-PMH.xsd"><responseDate>2026-04-17T12:09:01Z</responseDate><request verb="GetRecord" identifier="oai:www.recercat.cat:10256/18744" metadataPrefix="marc">https://recercat.cat/oai/request</request><GetRecord><record><header><identifier>oai:recercat.cat:10256/18744</identifier><datestamp>2024-06-06T08:07:19Z</datestamp><setSpec>com_2072_452966</setSpec><setSpec>com_2072_2054</setSpec><setSpec>col_2072_452969</setSpec></header><metadata><record xmlns="http://www.loc.gov/MARC21/slim" xmlns:dcterms="http://purl.org/dc/terms/" xmlns:xsi="http://www.w3.org/2001/XMLSchema-instance" xmlns:doc="http://www.lyncode.com/xoai" xsi:schemaLocation="http://www.loc.gov/MARC21/slim http://www.loc.gov/standards/marcxml/schema/MARC21slim.xsd">
   <leader>00925njm 22002777a 4500</leader>
   <datafield ind2=" " ind1=" " tag="042">
      <subfield code="a">dc</subfield>
   </datafield>
   <datafield ind2=" " ind1=" " tag="720">
      <subfield code="a">Palacios Gazules, Christian</subfield>
      <subfield code="e">author</subfield>
   </datafield>
   <datafield ind2=" " ind1=" " tag="260">
      <subfield code="c">2019-06</subfield>
   </datafield>
   <datafield ind2=" " ind1=" " tag="520">
      <subfield code="a">El objetivo de este trabajo es ubicar el ritmo del ruso y del ucraniano respecto al del español y el inglés, que son algunas de las lenguas más estudiadas en este campo, para poder hacer una predicción de errores de pronunciación de los estudiantes de español y mejorar su proceso de adquisición de segunda lengua. Con ese fin, se hará a su vez un pequeño estudio que ponga de manifiesto la transferencia del ritmo de una lengua a otra, y viceversa, en hablantes que llevan mucho tiempo viviendo en un país con una lengua distinta a la de origen, para demostrar así que el ritmo no es algo fijo, sino que puede variar. En nuestro caso, intentaremos analizar qué ha sucedido con el ritmo de nativos rusos y ucranianos hablando en sus lenguas de origen después de llevar más de quince años viviendo en España</subfield>
   </datafield>
   <datafield ind2=" " ind1=" " tag="520">
      <subfield code="a">The aim of this work is to place the rhythm of Russian language and Ukrainian language in relation to that of Spanish language and English language, which are some of the most studied languages in this field, in order to be able to predict pronunciation errors of Spanish students and improve their process of acquiring a second language. To this end, a small study will be carried out to show the transfer of rhythm from one language to another, and vice versa, in speakers who have lived for a long time in a country with a language other than their own, to show that rhythm is not something fixed, but can vary. In our case, we will try to analyze what has happened to the rhythm of Russian and Ukrainian natives speaking in their languages of origin after having lived in Spain for more than fifteen years</subfield>
   </datafield>
   <datafield ind1="8" ind2=" " tag="024">
      <subfield code="a">http://hdl.handle.net/10256/18744</subfield>
   </datafield>
   <datafield tag="653" ind2=" " ind1=" ">
      <subfield code="a">Llengua segona -- Adquisició</subfield>
   </datafield>
   <datafield tag="653" ind2=" " ind1=" ">
      <subfield code="a">Second language acquisition</subfield>
   </datafield>
   <datafield tag="653" ind2=" " ind1=" ">
      <subfield code="a">Castellà -- Ensenyament</subfield>
   </datafield>
   <datafield tag="653" ind2=" " ind1=" ">
      <subfield code="a">Spanish -- Study and teaching</subfield>
   </datafield>
   <datafield tag="653" ind2=" " ind1=" ">
      <subfield code="a">Castellà -- Ritme</subfield>
   </datafield>
   <datafield tag="653" ind2=" " ind1=" ">
      <subfield code="a">Spanish -- Rhythm</subfield>
   </datafield>
   <datafield ind2="0" ind1="0" tag="245">
      <subfield code="a">Estudio del ritmo del ruso y del ucraniano para predecir dificultades de adquisición</subfield>
   </datafield>
</record></metadata></record></GetRecord></OAI-PMH>